[Event "9th American Continental (w)"]
[Site "Villa Martelli ARG"]
[Date "2017.09.12"]
[Round "7.7"]
[White "Cosme Contreras, Trilce"]
[Black "Zuriel, Marisa"]
[Result "0-1"]
[WhiteElo "1872"]
[BlackElo "2180"]
[EventDate "2017.09.05"]
[PlyCount "86"]

1.c4 e5 2.Nc3 d6 3.g3 g6 4.Bg2 Bg7 5.d3 f5 6.e3 Nf6 7.Nge2 O-O 8.O-O c6 9.
Rb1 a5 10.a3 Be6 11.b4 axb4 12.axb4 d5 13.cxd5 cxd5 14.Na4 Bf7 15.d4 e4 
16.b5 b6 17.Qb3 Ra7 18.Ba3 Re8 19.Rfc1 Bf8 20.Bxf8 Rxf8 21.Nac3 Qd6 22.Na2
g5 23.Nb4 Rc7 24.Rxc7 Qxc7 25.Rc1 Qd6 26.Nc6 Nfd7 27.Qb4 Qxb4 28.Nxb4 Be6 
29.Rc7 Nf6 30.Nc3 Rf7 31.Na6 Nbd7 32.Na4 f4 33.Rc6 Bg4 34.Nxb6 Nxb6 35.
Rxb6 Be2 36.Nc5 Nd7 37.exf4 Nxb6 38.Bh3 Ra7 39.Be6+ Kg7 40.h4 Ra1+ 41.Kh2 
Bf3 42.g4 gxf4 43.g5 Rh1# 0-1

[Event "9th American Continental (w)"]
[Site "Villa Martelli ARG"]
[Date "2017.09.12"]
[Round "7.8"]
[White "Besso, Guadalupe"]
[Black "Strgacich, Aylen"]
[Result "1-0"]
[WhiteElo "1994"]
[BlackElo "1897"]
[EventDate "2017.09.05"]
[PlyCount "59"]

1.Nf3 Nf6 2.d4 g6 3.c4 Bg7 4.Nc3 d5 5.cxd5 Nxd5 6.e4 Nxc3 7.bxc3 c5 8.Bb5+
Bd7 9.Bxd7+ Qxd7 10.O-O O-O 11.Be3 b6 12.Qe2 e6 13.Rfd1 cxd4 14.cxd4 Nc6 
15.Rac1 Rac8 16.Rc2 Rfd8 17.Rdc1 Nb4 18.Rc4 Nc6 19.h3 Na5 20.R4c2 Nb7 21.
Ne5 Bxe5 22.dxe5 Rxc2 23.Rxc2 Na5 24.Bh6 Qd4 25.Bg5 Qd1+ 26.Qxd1 Rxd1+ 27.
Kh2 Rd4 28.Rc8+ Kg7 29.Bf6+ Kh6 30.g4 1-0

[Event "9th American Continental (w)"]
[Site "Villa Martelli ARG"]
[Date "2017.09.12"]
[Round "7.9"]
[White "Abarca Gonzalez, Damaris"]
[Black "Jorquera Cabello, Valentina"]
[Result "1/2-1/2"]
[WhiteElo "2019"]
[BlackElo "1977"]
[EventDate "2017.09.05"]
[PlyCount "105"]

1.e4 c5 2.Nc3 Nc6 3.f4 g6 4.Nf3 Bg7 5.d3 d6 6.Be3 Nd4 7.Qd2 h5 8.a3 b6 9.
Bxd4 cxd4 10.Nb5 Nh6 11.Nbxd4 O-O 12.c3 f5 13.Ng5 Bxd4 14.cxd4 e5 15.dxe5 
dxe5 16.fxe5 fxe4 17.Nxe4 Ng4 18.d4 Bb7 19.Bc4+ Kg7 20.Ng5 Bd5 21.Bxd5 
Qxd5 22.Rc1 Rf2 23.Rc7+ Kg8 24.Qb4 Qa2 25.Qc4+ Qxc4 26.Rxc4 Rxb2 27.h3 Ne3
28.Rc7 Nxg2+ 29.Kd1 Ne3+ 30.Kc1 Ra2 31.Kb1 Rd2 32.Re1 Nf5 33.e6 Rxd4 34.
Rd7 Re8 35.Rxa7 Ng7 36.Rb7 Rd6 37.e7 Nf5 38.Kc2 Kg7 39.Rc7 Nd4+ 40.Kb2 Rc6
41.Rd7 Nf5 42.Kb3 Kf6 43.Nh7+ Kg7 44.Ng5 Rxe7 45.Rdxe7+ Nxe7 46.Ne6+ Kf6 
47.Nd4 Rd6 48.Kc4 Nf5 49.Nf3 Rc6+ 50.Kb4 Rc2 51.Rf1 Rb2+ 52.Kc3 Re2 53.Kb4
1/2-1/2

[Event "9th American Continental (w)"]
[Site "Villa Martelli ARG"]
[Date "2017.09.12"]
[Round "7.10"]
[White "Librelato, Kathie Goulart"]
[Black "Fernandez, Maria Florencia"]
[Result "1-0"]
[WhiteElo "2085"]
[BlackElo "2199"]
[EventDate "2017.09.05"]
[PlyCount "73"]

1.d4 Nf6 2.c4 g6 3.Nc3 Bg7 4.e4 d6 5.Nf3 O-O 6.Be2 Nbd7 7.O-O e5 8.Be3 Ng4
9.Bg5 f6 10.Bc1 Nh6 11.Qc2 c6 12.Rd1 Qe7 13.b3 exd4 14.Nxd4 Nc5 15.b4 Ne6 
16.Nb3 f5 17.c5 dxc5 18.bxc5 fxe4 19.Nxe4 Nf4 20.Bc4+ Be6 21.Rb1 Ng4 22.
Na5 Rab8 23.Bxf4 Rxf4 24.Nxc6 Qf7 25.Nxb8 Bxc4 26.Rd8+ Bf8 27.Nd7 Qe6 28.
Ng5 Qa6 29.Nb8 Qf6 30.Nh3 Qxd8 31.Nxf4 Bf7 32.Rxb7 Bxc5 33.Nd3 Bb6 34.Nd7 
Qe7 35.Qc8+ Kg7 36.N7e5 Bxf2+ 37.Kh1 1-0

[Event "9th American Continental (w)"]
[Site "Villa Martelli ARG"]
[Date "2017.09.12"]
[Round "7.11"]
[White "Nejanky, Maisa"]
[Black "Coelho, Tatiane Cristina"]
[Result "1-0"]
[WhiteElo "2018"]
[BlackElo "1777"]
[EventDate "2017.09.05"]
[PlyCount "67"]

1.e4 e5 2.Nf3 Nc6 3.d4 exd4 4.Nxd4 Bb4+ 5.c3 Bc5 6.Be3 Bb6 7.Nf5 Qf6 8.
Bxb6 axb6 9.Ne3 Nge7 10.Be2 O-O 11.O-O Qe6 12.Nd5 Qd6 13.Na3 Nxd5 14.exd5 
Ne7 15.Nb5 Qe5 16.Re1 c6 17.Bc4 Qf6 18.Nc7 Ra7 19.d6 Nf5 20.Ne8 Qg5 21.b4 
Nh4 22.g3 b5 23.Bb3 b6 24.f4 Qd8 25.Qh5 Nf3+ 26.Qxf3 Rxe8 27.Rxe8+ Qxe8 
28.Kf2 c5 29.Re1 Qf8 30.Re7 c4 31.Qe2 cxb3 32.axb3 g6 33.Re8 Ra8 34.Qe7 
1-0

[Event "9th American Continental (w)"]
[Site "Villa Martelli ARG"]
[Date "2017.09.12"]
[Round "7.12"]
[White "Bosco, Giuliana"]
[Black "Librelato, Ana Julia Goulart"]
[Result "0-1"]
[WhiteElo "1582"]
[BlackElo "1667"]
[EventDate "2017.09.05"]
[PlyCount "116"]

1.e4 e5 2.Nf3 Nc6 3.d4 exd4 4.Bc4 Nf6 5.O-O Nxe4 6.Re1 d5 7.Bxd5 Qxd5 8.
Nc3 Qa5 9.Nxe4 Be6 10.Bg5 h6 11.Bf4 O-O-O 12.a3 Qd5 13.b4 g5 14.Bg3 Be7 
15.Ned2 h5 16.Qe2 h4 17.Be5 Rhg8 18.b5 Nxe5 19.Qxe5 Qxe5 20.Nxe5 Bf6 21.
Nd3 Bf5 22.Ne4 Bh8 23.f3 Be6 24.a4 Rg6 25.Nec5 Bd5 26.Rad1 c6 27.Nb4 cxb5 
28.Nxd5 Rxd5 29.Re8+ Rd8 30.Rxd8+ Kxd8 31.axb5 Kc7 32.Na4 Re6 33.Kf2 Be5 
34.g3 a6 35.Nc5 Rb6 36.bxa6 bxa6 37.Ra1 d3 38.Nxa6+ Kb7 39.Nc5+ Kc6 40.Rc1
Bd4+ 41.Kg2 Bxc5 42.cxd3 Kd5 43.Kh3 hxg3 44.hxg3 Rb3 45.Kg4 Rxd3 46.Rf1 f6
47.Kh5 Bd6 48.Kg4 Rd4+ 49.Kh3 Ke5 50.Re1+ Kf5 51.Rf1 Rd2 52.Re1 Rf2 53.Re3
Kg6 54.Rd3 Be5 55.Re3 Kh5 56.Rd3 f5 57.Re3 g4+ 58.fxg4+ fxg4# 0-1

[Event "9th American Continental (w)"]
[Site "Villa Martelli ARG"]
[Date "2017.09.12"]
[Round "7.13"]
[White "Palomares, Lujan"]
[Black "Ocampo Garcia, Derly Ginneth"]
[Result "0-1"]
[WhiteElo "1259"]
[BlackElo "1821"]
[EventDate "2017.09.05"]
[PlyCount "92"]

1.e4 e5 2.Nf3 Nc6 3.d4 exd4 4.Nxd4 Bc5 5.Nf3 h6 6.Bc4 d6 7.e5 Nge7 8.O-O 
d5 9.Bb3 Bg4 10.Re1 Nd4 11.Ba4+ b5 12.Be3 Nxf3+ 13.gxf3 Bxe3 14.Bxb5+ c6 
15.fxg4 Bxf2+ 16.Kxf2 Qb6+ 17.Re3 Qxb5 18.b3 Qc5 19.c3 h5 20.Qd4 Qxd4 21.
cxd4 hxg4 22.Kg1 Nf5 23.Rd3 Rh3 24.Rd2 Kd7 25.Na3 Rah8 26.Rf1 Ke6 27.Rff2 
Nh4 28.Kh1 Nf3 29.Rde2 Nxd4 30.Re1 Rxh2+ 31.Rxh2 Rxh2+ 32.Kxh2 Nf3+ 33.Kg3
Nxe1 34.Kxg4 Kxe5 35.Kg3 f5 36.Kf2 Nd3+ 37.Kf1 g5 38.Nc2 Ke4 39.a4 f4 40.
b4 g4 41.b5 cxb5 42.axb5 f3 43.Na3 g3 44.Kg1 Nf4 45.Kh1 f2 46.Nc2 f1=Q# 
0-1

[Event "9th American Continental (w)"]
[Site "Villa Martelli ARG"]
[Date "2017.09.13"]
[Round "8.2"]
[White "Miranda Llanes, Yerisbel"]
[Black "Martinez, Ayelen"]
[Result "0-1"]
[WhiteElo "2192"]
[BlackElo "2190"]
[EventDate "2017.09.05"]
[PlyCount "112"]

1.d4 Nf6 2.c4 g6 3.Nc3 Bg7 4.e4 d6 5.Nf3 O-O 6.Be2 e5 7.O-O Nc6 8.d5 Ne7 
9.Ne1 Ne8 10.Be3 f5 11.f3 f4 12.Bf2 g5 13.c5 h5 14.Rc1 Rf6 15.Nb5 Rg6 16.
cxd6 cxd6 17.Nxa7 Bd7 18.Qb3 g4 19.Bb6 Qb8 20.Nb5 Nc8 21.Nc7 Nxb6 22.Qxb6 
Rxa2 23.Ne6 Qa7 24.Qxa7 Rxa7 25.Nc2 Ra2 26.Rb1 Ra8 27.Nxg7 Rxg7 28.Kf2 Nf6
29.Na3 Kf7 30.Bb5 Rag8 31.Rg1 h4 32.Rbc1 Ke7 33.Bxd7 Nxd7 34.b4 Ra8 35.Rc3
gxf3 36.gxf3 Rxg1 37.Kxg1 h3 38.Kf1 Ra4 39.Nc2 Ra2 40.Ke2 Rb2 41.Kd2 Rb1 
42.Ne1 Rxb4 43.Nd3 Ra4 44.Nf2 Nc5 45.Nxh3 b5 46.Rc2 b4 47.Rb2 b3 48.Rb1 
Ra2+ 49.Kc3 Rxh2 50.Ng5 Rf2 51.Kb4 b2 52.Ka3 Kf6 53.Nh7+ Kg7 54.Ng5 Kg6 
55.Ne6 Rxf3+ 56.Kxb2 Rb3+ 0-1

[Event "9th American Continental (w)"]
[Site "Villa Martelli ARG"]
[Date "2017.09.13"]
[Round "8.5"]
[White "Vazquez Maccarini, Danitza"]
[Black "Zuriel, Marisa"]
[Result "1-0"]
[WhiteElo "2173"]
[BlackElo "2180"]
[EventDate "2017.09.05"]
[PlyCount "109"]

1.e4 d6 2.d4 Nf6 3.Nc3 e5 4.Nf3 Nbd7 5.Be2 Be7 6.O-O O-O 7.h3 c6 8.a4 b6 
9.Re1 Qc7 10.Bg5 h6 11.Bh4 Re8 12.Bg3 a6 13.Bc4 Rb8 14.Qe2 b5 15.axb5 axb5
16.Bb3 Bf8 17.Bh4 g6 18.d5 b4 19.dxc6 bxc3 20.cxd7 Nxd7 21.bxc3 Qxc3 22.
Ba4 Ra8 23.Qd2 Qxd2 24.Nxd2 g5 25.Bg3 Rd8 26.Bc6 Rxa1 27.Rxa1 Nc5 28.Ra8 
Be7 29.Nc4 Rf8 30.Ra7 Bf6 31.Nxd6 Be6 32.Ra5 Nd7 33.Bxd7 Bxd7 34.Bxe5 Bd8 
35.Ra8 Bb6 36.Rxf8+ Kxf8 37.Nc4 Ba7 38.Bd6+ Kg7 39.Ne5 Ba4 40.c4 f6 41.Nf3
Bc6 42.c5 f5 43.Nd4 Bxe4 44.Nb5 Bxc5 45.Bxc5 Kg6 46.f3 Bd3 47.Nc3 Bc4 48.
Kf2 Bb3 49.g3 Bc4 50.Ne2 Bb3 51.Ke3 Be6 52.Ng1 Bc4 53.h4 f4+ 54.gxf4 gxh4 
55.Be7 1-0

[Event "9th American Continental (w)"]
[Site "Villa Martelli ARG"]
[Date "2017.09.13"]
[Round "8.6"]
[White "Besso, Guadalupe"]
[Black "Carraro, Denise"]
[Result "0-1"]
[WhiteElo "1994"]
[BlackElo "2071"]
[EventDate "2017.09.05"]
[PlyCount "132"]

1.d4 e6 2.Nf3 Nf6 3.e3 b6 4.Bd3 Bb7 5.O-O c5 6.c3 Be7 7.Nbd2 O-O 8.Re1 d5 
9.Ne5 Nbd7 10.Nxd7 Qxd7 11.Nf3 Qc7 12.Bd2 Bd6 13.Rc1 c4 14.Bb1 Ne4 15.Rf1 
f5 16.Qe2 b5 17.g3 Rf6 18.Be1 Raf8 19.Nd2 Rh6 20.f4 Nf6 21.Nf3 Bc6 22.Bd2 
Be8 23.Qg2 Qe7 24.Ne5 Bh5 25.h3 Bxe5 26.fxe5 Ne4 27.Bxe4 dxe4 28.Rf2 Bf3 
29.Rxf3 exf3 30.Qxf3 Rxh3 31.Kg2 Rh6 32.Rf1 g5 33.Qc6 Qe8 34.Qxe8 Rxe8 35.
e4 fxe4 36.Bxg5 Rg6 37.Bf6 Rb8 38.a3 a5 39.Rf4 b4 40.axb4 axb4 41.Rxe4 
bxc3 42.bxc3 Rb3 43.Re3 Kf7 44.Kf3 Ke8 45.g4 Kd7 46.Kf4 Kc6 47.Rh3 h6 48.
Be7 Rb1 49.Bb4 Kd5 50.Ba5 Rf1+ 51.Kg3 Rg1+ 52.Kf3 R1xg4 53.Rxh6 Rg3+ 54.
Kf2 Rg2+ 55.Kf1 Rg1+ 56.Kf2 R6g2+ 57.Kf3 Rg3+ 58.Kf4 Rg4+ 59.Kf3 R1g3+ 60.
Kf2 Ke4 61.Rh2 Re3 62.Rh6 Rf3+ 63.Ke1 Rg1+ 64.Ke2 Rg2+ 65.Ke1 Ke3 66.Rh1 
Ra2 0-1

[Event "9th American Continental (w)"]
[Site "Villa Martelli ARG"]
[Date "2017.09.13"]
[Round "8.7"]
[White "Nejanky, Maisa"]
[Black "Cordero Loup, Ely Daniela"]
[Result "0-1"]
[WhiteElo "2018"]
[BlackElo "2005"]
[EventDate "2017.09.05"]
[PlyCount "78"]

1.e4 e6 2.d4 d5 3.Nc3 Nf6 4.Bg5 Bb4 5.e5 h6 6.Bd2 Bxc3 7.bxc3 Ne4 8.Qg4 g6
9.h4 Nxd2 10.Kxd2 c5 11.h5 g5 12.Bd3 Nc6 13.Nf3 c4 14.Be2 f5 15.Qg3 Bd7 
16.Rab1 b6 17.Nh2 Qe7 18.f4 O-O-O 19.Nf1 Rdg8 20.Ne3 Qa3 21.Qf2 Rf8 22.g3 
Qa5 23.Ng2 Qa3 24.Qe3 g4 25.Qf2 Kc7 26.Ne3 Rb8 27.Bxg4 fxg4 28.Nxg4 b5 29.
Qe3 a5 30.Nf6 Bc8 31.f5 Ne7 32.g4 exf5 33.Qf4 Be6 34.gxf5 Nxf5 35.Rhg1 b4 
36.Nxd5+ Bxd5 37.e6+ Nd6 38.Rg7+ Kc6 39.Rd7 Ne4+ 0-1

[Event "9th American Continental (w)"]
[Site "Villa Martelli ARG"]
[Date "2017.09.13"]
[Round "8.8"]
[White "Jorquera Cabello, Valentina"]
[Black "Cosme Contreras, Trilce"]
[Result "0-1"]
[WhiteElo "1977"]
[BlackElo "1872"]
[EventDate "2017.09.05"]
[PlyCount "134"]

1.e4 c5 2.Nf3 d6 3.d4 cxd4 4.Nxd4 Nf6 5.Nc3 a6 6.Bg5 e6 7.f4 Be7 8.Qf3 Qc7
9.O-O-O Nbd7 10.g4 b5 11.Bxf6 Nxf6 12.g5 Nd7 13.f5 Bxg5+ 14.Kb1 Ne5 15.Qh5
Qd8 16.h4 Bf6 17.Nxe6 Bxe6 18.fxe6 O-O 19.exf7+ Kh8 20.Bh3 Rxf7 21.Nd5 g6 
22.Qe2 Bxh4 23.Be6 Rf2 24.Qe3 Qg5 25.Qh3 Nf3 26.Bg4 Nd2+ 27.Ka1 Nxe4 28.
Qxh4 Qxh4 29.Rxh4 Rxc2 30.Kb1 Rf2 31.Rdh1 Ra7 32.Bd1 Nd2+ 33.Kc1 Nc4 34.
Bc2 Ne5 35.Nf4 Rc7 36.Kb1 Rfxc2 37.Nd5 R2c5 38.Nxc7 Rxc7 39.Rd1 Nf7 40.Re4
Kg7 41.Re8 g5 42.Ra8 g4 43.Rxa6 Rc5 44.a4 bxa4 45.Rxa4 h5 46.b4 Rf5 47.Ra5
Kg6 48.Rxf5 Kxf5 49.Rf1+ Kg6 50.Kc2 g3 51.Kd2 Ne5 52.Ke2 Kg5 53.Rf8 Kg4 
54.Rg8+ Kh3 55.Kf1 Kh2 56.b5 h4 57.b6 h3 58.b7 Nd7 59.Rg7 Nb8 60.Rg8 Na6 
61.Rg6 Nb8 62.Rg8 d5 63.Rxb8 g2+ 64.Ke2 g1=Q 65.Rc8 Qg4+ 66.Kd3 Qe4+ 67.
Kc3 d4+ 0-1

[Event "9th American Continental (w)"]
[Site "Villa Martelli ARG"]
[Date "2017.09.13"]
[Round "8.9"]
[White "Alboredo, Julia"]
[Black "Abarca Gonzalez, Damaris"]
[Result "1-0"]
[WhiteElo "2120"]
[BlackElo "2019"]
[EventDate "2017.09.05"]
[PlyCount "99"]

1.e4 e5 2.Nf3 Nc6 3.Bb5 Nf6 4.O-O Bc5 5.d3 Nd4 6.Nxd4 Bxd4 7.c3 Bb6 8.Ba4 
O-O 9.h3 d5 10.Qf3 c6 11.Re1 dxe4 12.dxe4 Bc5 13.Bg5 Be7 14.Rd1 Qc7 15.Nd2
Be6 16.Bb3 Bxb3 17.axb3 Rfd8 18.Nc4 Rxd1+ 19.Rxd1 Rd8 20.Rxd8+ Bxd8 21.Qf5
h6 22.Bh4 g6 23.Qf3 Kg7 24.Bg3 Nd7 25.h4 b5 26.Ne3 Nf6 27.Nc2 Nh5 28.Bh2 
Bxh4 29.c4 Bg5 30.Qc3 f6 31.cxb5 c5 32.Ne1 Qd7 33.Qd3 Qd4 34.Qxd4 cxd4 35.
Nd3 Kf7 36.Kf1 Ke7 37.Ke2 Ng7 38.g3 h5 39.f4 exf4 40.gxf4 Bh6 41.Nb4 Ne6 
42.f5 gxf5 43.exf5 Nf4+ 44.Bxf4 Bxf4 45.Nd5+ Kd6 46.Nxf4 Ke5 47.Nxh5 Kxf5 
48.Kd3 Ke5 49.Ng3 Kd5 50.b4 1-0

[Event "9th American Continental (w)"]
[Site "Villa Martelli ARG"]
[Date "2017.09.13"]
[Round "8.10"]
[White "Strgacich, Aylen"]
[Black "Librelato, Kathie Goulart"]
[Result "0-1"]
[WhiteElo "1897"]
[BlackElo "2085"]
[EventDate "2017.09.05"]
[PlyCount "106"]

1.d4 Nf6 2.c4 g6 3.Nc3 Bg7 4.Nf3 O-O 5.g3 c6 6.Bg2 d5 7.Ne5 dxc4 8.Nxc4 
Be6 9.Ne5 Nbd7 10.O-O Nxe5 11.dxe5 Nd7 12.f4 Qb6+ 13.e3 Rfd8 14.Qc2 Nc5 
15.b3 Bf5 16.Qf2 Nd3 17.Qf3 f6 18.Na4 Qb4 19.e4 Bg4 20.Qxg4 Qd4+ 21.Kh1 b5
22.Ba3 bxa4 23.Bxe7 fxe5 24.Bxd8 Rxd8 25.Qe6+ Kh8 26.Qe7 exf4 27.gxf4 Bf6 
28.Qf7 Bg7 29.f5 Rf8 30.Qe7 Nf2+ 31.Rxf2 Qxa1+ 32.Rf1 Qf6 33.Qxf6 Rxf6 34.
bxa4 Rd6 35.Rf2 Rd1+ 36.Bf1 Bd4 37.Rf3 Kg7 38.fxg6 hxg6 39.Rf4 c5 40.Kg2 
Rd2+ 41.Kh1 Be5 42.Rh4 g5 43.Rh3 Kg6 44.Bc4 g4 45.Rh4 Kg5 46.Rh7 Kf4 47.
Rxa7 Kf3 48.Rf7+ Bf4 49.Kg1 Rd1+ 50.Bf1 c4 51.e5 c3 52.e6 c2 53.e7 Rxf1+ 
0-1

[Event "9th American Continental (w)"]
[Site "Villa Martelli ARG"]
[Date "2017.09.13"]
[Round "8.11"]
[White "Coelho, Tatiane Cristina"]
[Black "Fernandez, Maria Florencia"]
[Result "0-1"]
[WhiteElo "1777"]
[BlackElo "2199"]
[EventDate "2017.09.05"]
[PlyCount "60"]

1.e4 c5 2.Nc3 Nc6 3.f4 g6 4.Nf3 Bg7 5.Bb5 Nd4 6.O-O e6 7.Bd3 Ne7 8.Ne2 
Nxf3+ 9.Rxf3 O-O 10.c3 d5 11.e5 f6 12.exf6 Bxf6 13.Bc2 d4 14.Ng3 Bg7 15.
Qe1 Nd5 16.Qe4 Qd6 17.Nh5 Bh8 18.Rg3 Nxf4 19.Nxf4 Rxf4 20.Qe2 Bd7 21.d3 
Rf5 22.Bh6 Qe5 23.Qd1 dxc3 24.bxc3 Qxc3 25.Rb1 b6 26.Bb3 Bg7 27.Bd2 Qf6 
28.Qe2 Rf8 29.Be3 Bc6 30.Rd1 Bd5 0-1

[Event "9th American Continental (w)"]
[Site "Villa Martelli ARG"]
[Date "2017.09.13"]
[Round "8.12"]
[White "Librelato, Ana Julia Goulart"]
[Black "Ocampo Garcia, Derly Ginneth"]
[Result "1-0"]
[WhiteElo "1667"]
[BlackElo "1821"]
[EventDate "2017.09.05"]
[PlyCount "105"]

1.e4 e5 2.Nf3 Nc6 3.Bb5 a6 4.Ba4 Nf6 5.O-O b5 6.Bb3 Bc5 7.a4 Bb7 8.d3 h6 
9.Nc3 b4 10.Nd5 d6 11.Be3 Ba7 12.a5 Nxd5 13.Bxd5 Qc8 14.Qe1 Ne7 15.Bb3 c5 
16.Bc1 Bb8 17.Nd2 Nc6 18.Nc4 Bc7 19.c3 bxc3 20.bxc3 Qd8 21.f4 O-O 22.Qg3 
Kh7 23.f5 f6 24.Qg6+ Kh8 25.Bxh6 Qe7 26.Bd2 Qe8 27.Rf3 Qxg6 28.fxg6 Bc8 
29.Ne3 Ne7 30.Nf5 Bxf5 31.exf5 d5 32.Rh3+ Kg8 33.Rf1 Rab8 34.Ba4 Rfd8 35.
Rh5 c4 36.Rf3 Kf8 37.Rh8+ Ng8 38.Rh7 Bxa5 39.h4 Rb1+ 40.Kh2 Ra1 41.Bc6 Bb6
42.dxc4 dxc4 43.Be3 Bxe3 44.Rxe3 Rad1 45.Re4 Nh6 46.Rxc4 Nxf5 47.Ra4 Ne7 
48.Rh8+ Ng8 49.Rxa6 Ke7 50.Ra7+ Kd6 51.Rxg7 Kxc6 52.Rgxg8 Rxg8 53.Rxg8 1-0

[Event "9th American Continental (w)"]
[Site "Villa Martelli ARG"]
[Date "2017.09.13"]
[Round "8.13"]
[White "Palomares, Lujan"]
[Black "Bosco, Giuliana"]
[Result "0-1"]
[WhiteElo "1259"]
[BlackElo "1582"]
[EventDate "2017.09.05"]
[PlyCount "132"]

1.e4 e6 2.Nf3 d5 3.exd5 exd5 4.d4 Nc6 5.Nc3 Bg4 6.Be2 Bb4 7.O-O Nge7 8.Bg5
Qd7 9.Re1 O-O-O 10.Bb5 f6 11.a3 Bxc3 12.Bxc6 Nxc6 13.Bxf6 gxf6 14.bxc3 
Rhg8 15.g3 Qf5 16.Re3 Qh5 17.Qd3 Rde8 18.Rae1 Rxe3 19.Rxe3 Bxf3 20.Rxf3 
Qf7 21.Qf5+ Kb8 22.Qxf6 Qxf6 23.Rxf6 Na5 24.Rf7 Rh8 25.f4 Nc4 26.a4 Nb6 
27.f5 Kc8 28.g4 Rg8 29.h3 h5 30.f6 Nd7 31.Rg7 Nxf6 32.Rxg8+ Nxg8 33.gxh5 
Kd8 34.Kg2 Ke7 35.Kg3 Kf6 36.Kg4 Nh6+ 37.Kh4 Kf5 38.Kg3 Kg5 39.h4+ Kf5 40.
Kf3 a5 41.Ke2 Kg4 42.Kd1 Kxh5 43.Kc1 Kxh4 44.Kb2 Nf5 45.Kb3 Nd6 46.Ka3 Kg3
47.Kb3 Kf3 48.Kb2 Ke2 49.Kc1 Nc4 50.Kb1 Kd2 51.Ka2 Kxc3 52.Kb1 Na3+ 53.Kc1
b5 54.axb5 Nxc2 55.Kb1 a4 56.Kc1 a3 57.Kb1 Kb3 58.Kc1 a2 59.Kd2 a1=Q 60.
Ke2 Qe1+ 61.Kf3 Qe4+ 62.Kg3 Qf5 63.Kg2 Ne3+ 64.Kg3 Kc3 65.Kh2 Qg4 66.Kh1 
Qg2# 0-1

[Event "9th American Continental (w)"]
[Site "Villa Martelli ARG"]
[Date "2017.09.14"]
[Round "9.1"]
[White "Cori Tello, Deysi"]
[Black "Aliaga Fernandez, Ingrid"]
[Result "1/2-1/2"]
[WhiteElo "2389"]
[BlackElo "2182"]
[EventDate "2017.09.05"]
[PlyCount "24"]

1.d4 d5 2.Nf3 Nf6 3.c4 dxc4 4.e3 e6 5.Bxc4 a6 6.O-O c5 7.Qe2 cxd4 8.exd4 
Be7 9.Nc3 b5 10.Bb3 Bb7 11.Re1 b4 12.Ng5 Qd6 1/2-1/2

[Event "9th American Continental (w)"]
[Site "Villa Martelli ARG"]
[Date "2017.09.14"]
[Round "9.2"]
[White "Carraro, Denise"]
[Black "Miranda Llanes, Yerisbel"]
[Result "1/2-1/2"]
[WhiteElo "2071"]
[BlackElo "2192"]
[EventDate "2017.09.05"]
[PlyCount "41"]

1.e4 e5 2.Nf3 Nc6 3.d4 exd4 4.Nxd4 Nf6 5.Nxc6 bxc6 6.e5 Qe7 7.Qe2 Nd5 8.c4
Ba6 9.b3 O-O-O 10.g3 g5 11.Bb2 Bg7 12.Bg2 Rde8 13.O-O Bxe5 14.Qxe5 Qxe5 
15.Bxe5 Rxe5 16.cxd5 Bxf1 17.Kxf1 cxd5 18.Nc3 c6 19.Rd1 h5 20.Ne2 Rhe8 21.
Nd4 1/2-1/2

[Event "9th American Continental (w)"]
[Site "Villa Martelli ARG"]
[Date "2017.09.14"]
[Round "9.3"]
[White "Chumpitaz Carbajal, Ann"]
[Black "Martinez, Ayelen"]
[Result "1-0"]
[WhiteElo "2225"]
[BlackElo "2190"]
[EventDate "2017.09.05"]
[PlyCount "119"]

1.d4 Nf6 2.c4 g6 3.Nc3 Bg7 4.e4 d6 5.Nf3 O-O 6.Be2 e5 7.O-O Nc6 8.d5 Ne7 
9.Qc2 Nh5 10.Re1 h6 11.Rb1 f5 12.Bd3 a5 13.a3 f4 14.Nb5 g5 15.c5 Ng6 16.
cxd6 cxd6 17.Qc7 Qxc7 18.Nxc7 Rb8 19.a4 Rf7 20.Nb5 Bf8 21.Nd2 Bd7 22.b3 g4
23.Ba3 Rf6 24.Rec1 g3 25.Rc7 gxf2+ 26.Kxf2 Bxb5 27.Bxb5 Be7 28.Rbc1 Rf7 
29.Rxe7 Nxe7 30.Bxd6 Rd8 31.Bxe5 Ng6 32.Bc7 Rc8 33.d6 Ne5 34.Rc5 Nf6 35.
Ke2 Nfd7 36.Bxd7 Nxd7 37.Rxa5 Re8 38.Rb5 Rg7 39.Kf1 Nf6 40.e5 Ng4 41.Nc4 
Nxh2+ 42.Kf2 Kh7 43.Rxb7 Ng4+ 44.Kf3 Nxe5+ 45.Nxe5 Rxe5 46.Rb5 Re1 47.Rd5 
Rd7 48.Kxf4 Rf7+ 49.Kg4 Rg7+ 50.Kf3 Rf7+ 51.Kg3 Re3+ 52.Kg4 Re4+ 53.Kh3 
Re3+ 54.g3 Rd7 55.b4 Re4 56.Rb5 Rd4 57.a5 Rf7 58.a6 Rf8 59.Bb8 Rd2 60.a7 
1-0

[Event "9th American Continental (w)"]
[Site "Villa Martelli ARG"]
[Date "2017.09.14"]
[Round "9.4"]
[White "Lujan, Carolina"]
[Black "Amura, Claudia"]
[Result "1/2-1/2"]
[WhiteElo "2376"]
[BlackElo "2262"]
[EventDate "2017.09.05"]
[PlyCount "113"]

1.e4 c5 2.Nf3 Nc6 3.d4 cxd4 4.Nxd4 e5 5.Nb5 d6 6.N1c3 a6 7.Na3 b5 8.Nd5 
Nge7 9.Bg5 Rb8 10.c4 h6 11.Be3 Nxd5 12.cxd5 Ne7 13.Be2 Ng6 14.g3 Bh3 15.
Bf1 Qd7 16.Qe2 Be7 17.Bxh3 Qxh3 18.Qf1 Qg4 19.f3 Qd7 20.h4 Bd8 21.Qh3 f5 
22.h5 Ne7 23.O-O Bb6 24.Bxb6 Rxb6 25.Nc2 Qc7 26.Rac1 Qc5+ 27.Kh1 Rb7 28.
Rfe1 Qf2 29.Qg2 Qb6 30.Ne3 O-O 31.exf5 Nxf5 32.Nxf5 Rxf5 33.Rc8+ Rf8 34.
Rxf8+ Kxf8 35.Qh3 Qc5 36.Rd1 Qc2 37.Rg1 Rf7 38.Rg2 Qc1+ 39.Rg1 Qc5 40.Rf1 
Qxd5 41.Qc8+ Ke7 42.Qc7+ Kf6 43.Qd8+ Re7 44.Rf2 Kf7 45.a3 Qc6 46.Kg2 Re8 
47.Qh4 d5 48.Qg4 Qe6 49.Qb4 Rc8 50.Re2 Kg8 51.Qb3 Rc4 52.Qe3 e4 53.Qf4 Kh7
54.Kh2 Qf6 55.Qxf6 gxf6 56.fxe4 dxe4 57.g4 1/2-1/2

[Event "9th American Continental (w)"]
[Site "Villa Martelli ARG"]
[Date "2017.09.14"]
[Round "9.6"]
[White "Cordero Loup, Ely Daniela"]
[Black "Besso, Guadalupe"]
[Result "0-1"]
[WhiteElo "2005"]
[BlackElo "1994"]
[EventDate "2017.09.05"]
[PlyCount "146"]

1.d4 Nf6 2.Nf3 g6 3.c4 Bg7 4.g3 O-O 5.Bg2 d6 6.O-O Nc6 7.d5 Na5 8.Nfd2 c5 
9.a3 b6 10.b4 Nb7 11.Bb2 a6 12.Nc3 Bd7 13.h3 b5 14.cxb5 axb5 15.Rc1 Qb6 
16.e4 Rfc8 17.Qb3 h5 18.Kh1 h4 19.g4 Bh6 20.Rcd1 c4 21.Qc2 Bf4 22.Ne2 Be5 
23.Bxe5 dxe5 24.Qc3 Qa7 25.Nb1 Re8 26.Qxe5 Qb6 27.Qg5 e5 28.Qxh4 Kg7 29.
Qg3 Nd6 30.Nec3 Re7 31.Kg1 Rae8 32.Rfe1 Bc8 33.Re3 g5 34.Bf3 Rh8 35.Kf1 
Rh4 36.Rd2 Re8 37.Bg2 Bd7 38.Re1 Qa7 39.Qe3 Qxe3 40.Rxe3 Ra8 41.Ne2 Rhh8 
42.Ng3 Ra7 43.Ke2 Ra6 44.Kd1 Rc8 45.Kc2 Ra7 46.Rc3 Rh8 47.Re2 Rh7 48.Nd2 
Nfe8 49.Ndf1 f6 50.Ne3 Kf7 51.Re1 Ng7 52.Ra1 Rh8 53.Kb2 Rha8 54.Bf3 Rh8 
55.Rh1 Ke7 56.Nh5 Nxh5 57.gxh5 Be8 58.h4 gxh4 59.Rxh4 Bg6 60.Rc1 Bh7 61.
Rg1 Kf7 62.Rhg4 Rha8 63.Rg7+ Kf8 64.Rxa7 Rxa7 65.Rg4 Rg7 66.Rxg7 Kxg7 67.
a4 bxa4 68.Ka3 c3 69.Kxa4 Nxe4 70.Ka3 Nd2 71.Be2 Kf7 72.Nc4 c2 73.Kb2 Nb3 
0-1

[Event "9th American Continental (w)"]
[Site "Villa Martelli ARG"]
[Date "2017.09.14"]
[Round "9.7"]
[White "Zuriel, Marisa"]
[Black "Librelato, Kathie Goulart"]
[Result "0-1"]
[WhiteElo "2180"]
[BlackElo "2085"]
[EventDate "2017.09.05"]
[PlyCount "96"]

1.e4 e5 2.Nf3 Nc6 3.Bc4 Nf6 4.d3 Bc5 5.O-O d6 6.c3 O-O 7.Bb3 a6 8.Nbd2 Ba7
9.h3 h6 10.Re1 Be6 11.Bc2 Re8 12.Nf1 d5 13.Qe2 Qd7 14.Nh4 Rad8 15.Qf3 Qe7 
16.Nf5 Bxf5 17.Qxf5 dxe4 18.dxe4 Na5 19.Qf3 c5 20.b3 b5 21.Ng3 Nh7 22.Nf5 
Qf6 23.Be3 Nc6 24.Rad1 b4 25.cxb4 Nxb4 26.Bb1 Bb6 27.a3 Nc6 28.Bd3 Ba5 29.
Rf1 Nd4 30.Qg4 Kh8 31.Bc4 Rb8 32.Rd3 Nf8 33.Qh5 Nfe6 34.g3 Red8 35.Kh1 Nc2
36.Rxd8+ Rxd8 37.Bc1 Bd2 38.Bxe6 fxe6 39.Nh4 Ne3 40.Bxd2 Nxf1 41.Be1 Nxg3+
42.fxg3 Qf1+ 43.Kh2 Qxe1 44.Qf3 Rd1 45.Ng6+ Kh7 46.Nf8+ Kg8 47.h4 Qg1+ 48.
Kh3 Rf1 0-1

[Event "9th American Continental (w)"]
[Site "Villa Martelli ARG"]
[Date "2017.09.14"]
[Round "9.8"]
[White "Cosme Contreras, Trilce"]
[Black "Alboredo, Julia"]
[Result "1/2-1/2"]
[WhiteElo "1872"]
[BlackElo "2120"]
[EventDate "2017.09.05"]
[PlyCount "108"]

1.c4 e5 2.Nc3 Nf6 3.g3 d5 4.cxd5 Nxd5 5.Bg2 Nb6 6.Nf3 Nc6 7.O-O Be7 8.d3 
O-O 9.b3 Be6 10.Bb2 f5 11.e4 fxe4 12.Nxe4 Bg4 13.h3 Bxf3 14.Bxf3 Nd4 15.
Bg2 a5 16.a4 Bb4 17.Rc1 c6 18.Bxd4 exd4 19.Qh5 Qe7 20.Rc2 Nd7 21.Re2 g6 
22.Qh6 Qg7 23.Qc1 Kh8 24.f4 Rae8 25.Ref2 Nb6 26.f5 gxf5 27.Rxf5 Rxf5 28.
Rxf5 Nd5 29.Qg5 Qxg5 30.Nxg5 Ne3 31.Rf7 Re7 32.Be4 h6 33.Rxe7 Bxe7 34.Ne6 
Nc2 35.Kf1 Kg8 36.Ke2 Kf7 37.Kd2 Kxe6 38.Kxc2 Ke5 39.Kd2 Bd6 40.Ke2 Be7 
41.h4 Kd6 42.Bg6 Kc5 43.Kd2 Bd6 44.g4 Bg3 45.h5 Bf4+ 46.Kc2 b5 47.axb5 
cxb5 48.Bf7 Kb4 49.Be8 Bg5 50.Bd7 a4 51.bxa4 bxa4 52.Be8 a3 53.Bd7 Bf4 54.
Be8 Bg5 1/2-1/2